Real property gains tax : Principles, policy and practice
| Main Author: | |
|---|---|
| Format: | Book |
| Published: |
Kuala Lumpur :
Infoworld ,
1997
|
| Subjects: |
MARC
| LEADER | 00000cam a2200000 7i4500 | ||
|---|---|---|---|
| 001 | 0000005835 | ||
| 005 | 20050427.0 | ||
| 020 | |a 9839921843 | ||
| 040 | |a INS | ||
| 090 | 0 | 0 | |a KPG100.A31976 |b C5487 1997 |
| 100 | 0 | |a Choong Kwai Fatt | |
| 245 | 1 | 0 | |a Real property gains tax : |b Principles, policy and practice |c Choong Kwai Fatt |
| 260 | |a Kuala Lumpur : |b Infoworld , |c 1997 | ||
| 300 | |a vii, 264 p. | ||
| 650 | 0 | 0 | |a Property tax |x Law and legislation |z Malaysia |
| 650 | 0 | 0 | |a Real property tax |x Law and legislation |z Malaysia |
| 999 | |a 0000007342 |b BOOK |c Open Shelf |e Default branch | ||